000 00527nam a2200181Ia 4500
003 GCL
005 20240530105119.0
008 140319s9999 xx 000 0 ara d
040 _aGCL /
_cGCL
082 0 4 _a415.1
_bا ك
100 1 _aاحمد قبش
245 1 0 _aالكامل فى النحو والصرف والاعراب /
_cاحمد قبش
260 _a[ بيروت ] :
_bدار الجيل ،
_c1979
300 _a370 ص؛
_b24 سم
650 0 4 _aالنحو
650 0 4 _aاللغة العربية
942 _2ddc
_cBK
999 _c53266
_d53266